[Event "K41 jubilee it"]
[Site "Valby DEN"]
[Date "1991.??.??"]
[Round "1"]
[White "Danielsen, Henrik"]
[Black "Razuvaev, Yury"]
[Result "1/2-1/2"]
[WhiteElo "2405"]
[BlackElo "2590"]
[EventDate "1991.09.??"]
[PlyCount "47"]

1.Nf3 Nf6 2.d4 e6 3.c4 b6 4.g3 Ba6 5.b3 Bb4+ 6.Bd2 Be7 7.Bg2 O-O 8.O-O Bb7
9.Nc3 Na6 10.Qc2 d5 11.cxd5 Nb4 12.Qb2 Nbxd5 13.Rfd1 a5 14.Ne5 Nxc3 15.
Bxb7 Nxd1 16.Rxd1 Nd5 17.Nc6 Qd7 18.e4 Rab8 19.Nxb8 Rxb8 20.exd5 Rxb7 21.
dxe6 fxe6 22.Bf4 Rb8 23.Qc2 Rc8 24.Qe2 1/2-1/2

[Event "K41 jubilee it"]
[Site "Valby DEN"]
[Date "1991.??.??"]
[Round "1"]
[White "Greger, Roland"]
[Black "Vogt, Lothar"]
[Result "0-1"]
[WhiteElo "2370"]
[BlackElo "2510"]
[EventDate "1991.09.??"]
[PlyCount "77"]

1.e4 c5 2.c3 d5 3.exd5 Qxd5 4.d4 Nf6 5.Nf3 Nc6 6.Na3 Bg4 7.Be2 cxd4 8.cxd4
e6 9.Nb5 Bb4+ 10.Bd2 Bxd2+ 11.Qxd2 Rc8 12.Nc3 Qd6 13.Rd1 O-O 14.O-O Rfd8 
15.Qe3 Nd5 16.Nxd5 Qxd5 17.b3 Nb4 18.h3 Bh5 19.Rd2 Qa5 20.g4 Bg6 21.h4 Rc2
22.Rxc2 Bxc2 23.Qc3 Be4 24.Nd2 Bc6 25.Bc4 Qb6 26.a3 Rxd4 27.Qg3 Rxd2 28.
axb4 Qxb4 29.Qb8+ Qf8 30.Qxa7 Qd8 31.g5 b5 32.Qc5 Qd7 33.Rc1 bxc4 34.Rxc4 
Rd1+ 35.Kh2 Rh1+ 36.Kg3 Qd3+ 37.Qe3 Rg1+ 38.Kh2 Rg2+ 39.Kh3 0-1

[Event "K41 jubilee it"]
[Site "Valby DEN"]
[Date "1991.??.??"]
[Round "2"]
[White "Greger, Roland"]
[Black "Danielsen, Henrik"]
[Result "0-1"]
[WhiteElo "2370"]
[BlackElo "2405"]
[EventDate "1991.09.??"]
[PlyCount "50"]

1.e4 c6 2.d4 d5 3.exd5 cxd5 4.c4 Nf6 5.Nc3 e6 6.Nf3 Be7 7.cxd5 Nxd5 8.Bd3 
Nc6 9.O-O O-O 10.a3 Bf6 11.Bc2 Nxc3 12.bxc3 b6 13.Qd3 g6 14.h4 Bb7 15.h5 
Qd5 16.hxg6 hxg6 17.Re1 Kg7 18.Bf4 Rh8 19.Re3 Rh7 20.Rae1 Rah8 21.Kf1 Rh1+
22.Ke2 Qa2 23.Kd2 Na5 24.Rxe6 Nc4+ 25.Ke2 Nb2 0-1

[Event "K41 jubilee it"]
[Site "Valby DEN"]
[Date "1991.??.??"]
[Round "3"]
[White "Danielsen, Henrik"]
[Black "Vogt, Lothar"]
[Result "0-1"]
[WhiteElo "2405"]
[BlackElo "2510"]
[EventDate "1991.09.??"]
[PlyCount "44"]

1.d4 Nf6 2.Nf3 g6 3.Bg5 Bg7 4.Nbd2 d5 5.e3 O-O 6.Bd3 c5 7.c3 Nbd7 8.O-O b6
9.b4 Bb7 10.Qb1 Qc8 11.a4 e5 12.Be2 Ne4 13.Nxe4 dxe4 14.Nxe5 Nxe5 15.dxe5 
Bxe5 16.Bh6 Rd8 17.bxc5 Qxc5 18.c4 Qe7 19.Bf4 Bxf4 20.exf4 Rd2 21.Re1 e3 
22.f3 Qh4 0-1

[Event "K41 jubilee it"]
[Site "Valby DEN"]
[Date "1991.??.??"]
[Round "3"]
[White "Larsen, Bent"]
[Black "Greger, Roland"]
[Result "1-0"]
[WhiteElo "2525"]
[BlackElo "2370"]
[EventDate "1991.09.??"]
[PlyCount "79"]

1.Nf3 Nf6 2.g3 b5 3.Bg2 Bb7 4.O-O e6 5.b3 Be7 6.c4 bxc4 7.bxc4 c5 8.Nc3 
Nc6 9.Rb1 Rb8 10.d3 O-O 11.Bf4 d6 12.Qa4 Nb4 13.a3 Bc6 14.Qd1 Na6 15.Rxb8 
Qxb8 16.Qc2 e5 17.Bg5 Qa8 18.Nh4 Bxg2 19.Nxg2 Nc7 20.Ne3 Ne6 21.Bxf6 Bxf6 
22.Ned5 Bd8 23.Qa4 Bb6 24.f4 exf4 25.gxf4 Qe8 26.Qxe8 Rxe8 27.Rb1 f5 28.
Kf2 Ba5 29.Nb5 Nd4 30.Nxd4 cxd4 31.Rb7 Bd8 32.Rxa7 Bh4+ 33.Kf3 Kf8 34.a4 
Rb8 35.Nc7 Bf6 36.Nb5 Re8 37.Nxd6 Re3+ 38.Kf2 Bh4+ 39.Kf1 g6 40.c5 1-0

[Event "K41 jubilee it"]
[Site "Valby DEN"]
[Date "1991.??.??"]
[Round "3"]
[White "Uhlmann, Wolfgang"]
[Black "Cramling, Pia"]
[Result "0-1"]
[WhiteElo "2500"]
[BlackElo "2485"]
[EventDate "1991.09.??"]
[PlyCount "124"]

1.c4 c5 2.Nf3 Nc6 3.Nc3 e5 4.g3 g6 5.Bg2 Bg7 6.O-O d6 7.a3 a5 8.d3 Nge7 9.
Ne1 Be6 10.Nc2 d5 11.cxd5 Nxd5 12.Ne4 b6 13.Ng5 Bc8 14.Ne3 Nde7 15.Nc4 O-O
16.Bd2 h6 17.Ne4 Be6 18.a4 f5 19.Nc3 Ra7 20.Qb3 Rb7 21.Nb5 Rd7 22.Bc3 Nd5 
23.Rad1 Kh7 24.Qc2 Ndb4 25.Qb1 e4 26.Bxg7 Kxg7 27.b3 exd3 28.exd3 Bd5 29.
Bxd5 Rxd5 30.Rfe1 Rf6 31.f4 g5 32.Ne3 Rxd3 33.Rxd3 Qxd3 34.fxg5 hxg5 35.
Qxd3 Nxd3 36.Rf1 Ne7 37.Nc7 Kg6 38.Rd1 Ne5 39.Ned5 Nxd5 40.Nxd5 Re6 41.Nc7
Rc6 42.Nd5 Kf7 43.Rf1 Rd6 44.Ne3 Rd3 45.Nxf5 Ke6 46.Ng7+ Kd5 47.Rb1 Rd2 
48.h3 Nf3+ 49.Kf1 Nh2+ 50.Ke1 Nf3+ 51.Kf1 Nd4 52.Re1 Nxb3 53.Ne6 Rd3 54.
Kf2 c4 55.h4 Rd2+ 56.Kf3 gxh4 57.Nf4+ Kc5 58.gxh4 c3 59.h5 c2 60.Ne2 Nd4+ 
61.Nxd4 Kxd4 62.h6 Rh2 0-1

[Event "K41 jubilee it"]
[Site "Valby DEN"]
[Date "1991.??.??"]
[Round "4"]
[White "Cramling, Pia"]
[Black "Smagin, Sergei"]
[Result "0-1"]
[WhiteElo "2485"]
[BlackElo "2535"]
[EventDate "1991.09.??"]
[PlyCount "94"]

1.d4 Nf6 2.c4 e6 3.Nf3 d5 4.Nc3 Nbd7 5.Bg5 c6 6.e3 Qa5 7.Nd2 Bb4 8.Qc2 O-O
9.Be2 e5 10.O-O exd4 11.Nb3 Qc7 12.Nxd4 dxc4 13.Bxc4 Bd6 14.Kh1 Be5 15.
Rad1 Nb6 16.Be2 Ng4 17.h3 Bxd4 18.hxg4 Be5 19.f4 Bxc3 20.Qxc3 f6 21.Bh4 
Be6 22.a3 Bd5 23.Bf3 Bxf3 24.gxf3 Rad8 25.Bf2 f5 26.Qb3+ Kh8 27.Rxd8 Qxd8 
28.Rd1 Qe8 29.Qb4 fxg4 30.fxg4 Nd5 31.Qd4 Rf7 32.Kg1 a6 33.f5 Re7 34.Qc4 
h6 35.Rd4 Nxe3 36.Bxe3 Rxe3 37.Kf2 b5 38.Qc2 c5 39.Rd5 Rh3 40.Kg2 Rh4 41.
Rxc5 Rxg4+ 42.Kf2 Rf4+ 43.Kg2 Qh5 44.Rc8+ Kh7 45.f6+ Rf5 46.Rc3 Qg6+ 47.
Rg3 Rg5 0-1

[Event "K41 jubilee it"]
[Site "Valby DEN"]
[Date "1991.??.??"]
[Round "4"]
[White "Danielsen, Henrik"]
[Black "Larsen, Bent"]
[Result "1/2-1/2"]
[WhiteElo "2405"]
[BlackElo "2525"]
[EventDate "1991.09.??"]
[PlyCount "85"]

1.d4 Nf6 2.Nf3 e6 3.c4 b6 4.g3 Bb4+ 5.Bd2 Bxd2+ 6.Qxd2 Bb7 7.Bg2 O-O 8.O-O
d6 9.Nc3 Ne4 10.Nxe4 Bxe4 11.Ne1 Bxg2 12.Nxg2 Nd7 13.e4 e5 14.Rad1 Re8 15.
f3 a5 16.Ne3 Rc8 17.Kg2 Qf6 18.b3 exd4 19.Qxd4 Qxd4 20.Rxd4 Nc5 21.Rd2 f6 
22.g4 Kf7 23.Nf5 Ne6 24.Kg3 Ra8 25.Rd5 g6 26.Ne3 Ng7 27.h4 Re5 28.Kf2 Ne6 
29.Rh1 Nf4 30.Rd2 h5 31.Kg3 Ne6 32.Rd5 Rh8 33.gxh5 Rexh5 34.Rxh5 Rxh5 35.
Rd1 Rh8 36.Rd5 Ng7 37.Rd2 Rb8 38.Nd5 Nh5+ 39.Kg4 c6 40.Ne3 Rd8 41.f4 Re8 
42.Kf3 Rd8 43.f5 1/2-1/2

[Event "K41 jubilee it"]
[Site "Valby DEN"]
[Date "1991.??.??"]
[Round "4"]
[White "Vogt, Lothar"]
[Black "Hector, Jonny"]
[Result "1/2-1/2"]
[WhiteElo "2510"]
[BlackElo "2500"]
[EventDate "1991.09.??"]
[PlyCount "89"]

1.e4 e5 2.Nf3 Nc6 3.Bb5 a6 4.Ba4 Nf6 5.O-O Be7 6.Bxc6 dxc6 7.d3 Qd6 8.b3 
c5 9.Bb2 Nd7 10.a4 Rb8 11.Nc3 Nf8 12.Nd5 Ng6 13.Nd2 b5 14.axb5 axb5 15.Ra7
Bb7 16.Ne3 Qb6 17.Ra2 O-O 18.Nf5 Bg5 19.Bc3 Ra8 20.Rxa8 Rxa8 21.Qg4 Bf6 
22.h4 Ra2 23.Rc1 b4 24.Nc4 Qe6 25.Ba1 Qa6 26.Bb2 Bc8 27.h5 Be6 28.hxg6 
hxg6 29.Bxe5 gxf5 30.exf5 Bxc4 31.Bxf6 Qxf6 32.dxc4 Qh6 33.f4 Qf6 34.Kh2 
Qh6+ 35.Kg3 Qf6 36.Qg5 Qc3+ 37.Kh2 Ra6 38.Qd8+ Kh7 39.Qd3 Qxd3 40.cxd3 Ra3
41.Rb1 Ra2 42.Re1 Rb2 43.Re7 Kg8 44.Rxc7 Rxb3 45.Rxc5 1/2-1/2

[Event "K41 jubilee it"]
[Site "Valby DEN"]
[Date "1991.??.??"]
[Round "5"]
[White "Smagin, Sergei"]
[Black "Razuvaev, Yury"]
[Result "1/2-1/2"]
[WhiteElo "2535"]
[BlackElo "2590"]
[EventDate "1991.09.??"]
[PlyCount "35"]

1.e4 e5 2.Nf3 Nc6 3.Bb5 a6 4.Ba4 Nf6 5.O-O Be7 6.Re1 b5 7.Bb3 d6 8.c3 O-O 
9.d3 h6 10.Nbd2 Re8 11.Nf1 Bf8 12.Ng3 g6 13.h3 Bg7 14.Nh2 Na5 15.Bc2 d5 
16.Nf3 dxe4 17.dxe4 Qxd1 18.Rxd1 1/2-1/2

[Event "K41 jubilee it"]
[Site "Valby DEN"]
[Date "1991.??.??"]
[Round "5"]
[White "Uhlmann, Wolfgang"]
[Black "Greger, Roland"]
[Result "1/2-1/2"]
[WhiteElo "2500"]
[BlackElo "2370"]
[EventDate "1991.09.??"]
[PlyCount "114"]

1.c4 e5 2.Nc3 Nf6 3.Nf3 Nc6 4.g3 Nd4 5.Bg2 Nxf3+ 6.Bxf3 Bb4 7.Qb3 a5 8.a3 
Bc5 9.d3 c6 10.O-O O-O 11.Bd2 Re8 12.Rab1 d6 13.Bg2 Qc7 14.Bg5 Nd7 15.Qc2 
Nf8 16.b4 Bd4 17.Bd2 axb4 18.axb4 Bg4 19.h3 Bh5 20.e3 Bxc3 21.Bxc3 Bg6 22.
Ra1 f6 23.Bb2 Red8 24.Qc3 Qd7 25.d4 Bf7 26.Rfd1 Qc7 27.Kh2 Rdc8 28.Qd3 Bg6
29.Qe2 Bf7 30.c5 exd4 31.cxd6 Qxd6 32.Rxd4 Qe7 33.Re4 Qc7 34.h4 Rxa1 35.
Bxa1 Rd8 36.Bh3 Re8 37.Rd4 Be6 38.Bg2 Rd8 39.h5 Rxd4 40.Bxd4 Qf7 41.g4 Bc4
42.Qd1 Qd7 43.h6 Ne6 44.hxg7 Nxd4 45.Qxd4 Qxd4 46.exd4 Kxg7 47.Kg3 Bd5 48.
Bf1 Bf7 49.Kf4 Bg6 50.Bg2 Kf8 51.d5 cxd5 52.Bxd5 b6 53.Be4 Ke7 54.Bf5 Kf7 
55.Ke4 Bxf5+ 56.Kxf5 Ke7 57.f3 Kf7 1/2-1/2

[Event "K41 jubilee it"]
[Site "Valby DEN"]
[Date "1991.??.??"]
[Round "6"]
[White "Danielsen, Henrik"]
[Black "Uhlmann, Wolfgang"]
[Result "1/2-1/2"]
[WhiteElo "2405"]
[BlackElo "2500"]
[EventDate "1991.09.??"]
[PlyCount "153"]

1.Nf3 Nf6 2.c4 g6 3.b4 Bg7 4.Bb2 O-O 5.e3 c6 6.Be2 a5 7.b5 cxb5 8.cxb5 d6 
9.O-O Nbd7 10.d3 Nb6 11.Nbd2 a4 12.a3 Bd7 13.Rb1 e5 14.Nc4 Bxb5 15.Bxe5 
dxe5 16.Rxb5 Nxc4 17.dxc4 Qe7 18.c5 Rfc8 19.Qb1 Rxc5 20.Rxb7 Rc7 21.Rxc7 
Qxc7 22.Rc1 Qe7 23.Bc4 Ne8 24.Rd1 Rc8 25.Nd2 Bf8 26.Qc2 Ra8 27.Bd5 Rd8 28.
Nc4 Nc7 29.Bc6 Rxd1+ 30.Qxd1 Ne6 31.Qxa4 Nc5 32.Qc2 Qc7 33.Bd5 Nd7 34.e4 
Nb6 35.a4 Nxc4 36.Bxc4 Bc5 37.g3 Kg7 38.Kg2 Qa5 39.Bb3 Qb4 40.Qd3 Qd4 41.
Qf3 f6 42.Qe2 Bb6 43.Qc2 Qc5 44.Bc4 Qd4 45.Bd5 Kh6 46.Qa2 Qc3 47.Be6 Qb4 
48.Qc2 Qd4 49.Bd5 Kg7 50.Qa2 Qb4 51.h3 Qe1 52.h4 h5 53.Qb2 Bd4 54.Qc2 Qc3 
55.Qa2 Qa5 56.Qa3 Qa7 57.Qc1 Bc5 58.Qc2 Qb6 59.Bb3 Qb4 60.Ba2 Qd4 61.a5 g5
62.a6 gxh4 63.gxh4 f5 64.Bd5 fxe4 65.Bxe4 Kf6 66.Bf3 Ke7 67.Qh7+ Kd8 68.
Qg8+ Kc7 69.Qf7+ Kb6 70.Qf6+ Bd6 71.Bxh5 Kxa6 72.Bf3 Ka5 73.h5 Bc5 74.Be2 
e4 75.Qxd4 Bxd4 76.Bg4 Kb6 77.Kf1 1/2-1/2

[Event "K41 jubilee it"]
[Site "Valby DEN"]
[Date "1991.??.??"]
[Round "6"]
[White "Greger, Roland"]
[Black "Smagin, Sergei"]
[Result "0-1"]
[WhiteElo "2370"]
[BlackElo "2535"]
[EventDate "1991.09.??"]
[PlyCount "80"]

1.e4 c5 2.c3 d5 3.exd5 Qxd5 4.d4 Nf6 5.Nf3 Nc6 6.Be3 cxd4 7.cxd4 e6 8.Nc3 
Qd6 9.Rc1 Be7 10.Bd3 O-O 11.O-O Nb4 12.Bb1 Bd7 13.Ne5 Bc6 14.Bf4 Qd8 15.
Re1 Rc8 16.Bg5 g6 17.Qe2 Nbd5 18.Bh6 Nxc3 19.bxc3 Re8 20.Bd3 Bf8 21.Bg5 
Bg7 22.Rb1 Qd5 23.Nxc6 Qxg5 24.Ne5 Rc7 25.g3 Nd5 26.Qf3 Nxc3 27.Rxb7 Bxe5 
28.dxe5 Rxb7 29.Qxb7 Qd2 30.Re3 Nd5 31.Rf3 Re7 32.Qb8+ Kg7 33.a3 Rc7 34.
Kg2 Qe1 35.h4 Rc1 36.Rxf7+ Kxf7 37.Qxa7+ Ke8 38.Kh3 h5 39.g4 Qh1+ 40.Kg3 
Rg1# 0-1

[Event "K41 jubilee it"]
[Site "Valby DEN"]
[Date "1991.??.??"]
[Round "7"]
[White "Smagin, Sergei"]
[Black "Danielsen, Henrik"]
[Result "1/2-1/2"]
[WhiteElo "2535"]
[BlackElo "2405"]
[EventDate "1991.09.??"]
[PlyCount "112"]

1.e4 c6 2.d4 d5 3.f3 e6 4.Nc3 c5 5.exd5 exd5 6.dxc5 Nf6 7.Be3 Be7 8.Bb5+ 
Bd7 9.Qd3 O-O 10.Nge2 Bc6 11.O-O Re8 12.b4 Nbd7 13.Bd4 Qc7 14.Qd2 Bxb5 15.
Nxb5 Qc8 16.a3 a6 17.Nbc3 b6 18.cxb6 Bd8 19.Nf4 Nxb6 20.Rfe1 Qc4 21.Qd3 
Qc6 22.Rxe8+ Qxe8 23.Rd1 Bc7 24.Qf5 Bxf4 25.Qxf4 Nbd7 26.Qd6 Qe6 27.Qf4 
Re8 28.h3 Qc6 29.Qf5 Qe6 30.Qf4 h6 31.g4 Nh7 32.Kg2 Nhf8 33.Qf5 Ng6 34.
Qxe6 fxe6 35.Ne2 e5 36.Bf2 Nf6 37.h4 e4 38.g5 exf3+ 39.Kxf3 Ne5+ 40.Kg2 
hxg5 41.hxg5 Nc4 42.Nf4 Ne4 43.Nxd5 Re5 44.Rd4 Nxa3 45.g6 Nxc2 46.Rc4 Rg5+
47.Kh2 Rh5+ 48.Kg1 Nd6 49.Rc5 Kf8 50.Nc7 Rxc5 51.Bxc5 Ke7 52.b5 axb5 53.
Nxb5 Kf6 54.Nxd6 Ne1 55.Kf1 Nf3 56.Kf2 Nh4 1/2-1/2

[Event "K41 jubilee it"]
[Site "Valby DEN"]
[Date "1991.??.??"]
[Round "7"]
[White "Uhlmann, Wolfgang"]
[Black "Larsen, Bent"]
[Result "1/2-1/2"]
[WhiteElo "2500"]
[BlackElo "2525"]
[EventDate "1991.09.??"]
[PlyCount "100"]

1.c4 c5 2.Nf3 Nc6 3.Nc3 Nf6 4.g3 b6 5.Bg2 Bb7 6.O-O g6 7.Ne5 Bg7 8.d3 O-O 
9.Bg5 Qc8 10.Nxc6 Bxc6 11.Nd5 Re8 12.Qd2 Nxd5 13.cxd5 Bb7 14.Bh6 Bh8 15.f4
f5 16.g4 e6 17.gxf5 exf5 18.e4 c4 19.Rac1 Qc5+ 20.Kh1 b5 21.dxc4 fxe4 22.
f5 bxc4 23.f6 Kf7 24.Qc3 Bxd5 25.Rcd1 Bc6 26.Be3 Qb5 27.Rd6 Re6 28.Rxe6 
dxe6 29.Rc1 Rd8 30.Bf1 Bxf6 31.Qxc4 Qxc4 32.Rxc4 Rd1 33.Rxc6 Rxf1+ 34.Kg2 
Rb1 35.Rc7+ Ke8 36.Rxa7 Rxb2+ 37.Kg1 h5 38.a4 Re2 39.Bb6 e3 40.a5 Bh4 41.
a6 Re1+ 42.Kg2 e2 43.Bf2 Bxf2 44.Kxf2 Rh1 45.Kxe2 Rxh2+ 46.Kd3 Ra2 47.Kc4 
h4 48.Kb5 h3 49.Rh7 h2 50.Kb6 Rb2+ 1/2-1/2

[Event "K41 jubilee it"]
[Site "Valby DEN"]
[Date "1991.??.??"]
[Round "9"]
[White "Hector, Jonny"]
[Black "Larsen, Bent"]
[Result "1/2-1/2"]
[WhiteElo "2500"]
[BlackElo "2525"]
[EventDate "1991.09.??"]
[PlyCount "23"]

1.e4 c5 2.Nf3 Nc6 3.d4 cxd4 4.Nxd4 g6 5.Nc3 Bg7 6.Be3 Nf6 7.Bc4 O-O 8.Bb3 
Qa5 9.O-O d6 10.h3 Bd7 11.Re1 Rfe8 12.f4 1/2-1/2

[Event "K41 jubilee it"]
[Site "Valby DEN"]
[Date "1991.??.??"]
[Round "9"]
[White "Uhlmann, Wolfgang"]
[Black "Vogt, Lothar"]
[Result "1/2-1/2"]
[WhiteElo "2500"]
[BlackElo "2510"]
[EventDate "1991.09.??"]
[PlyCount "26"]

1.c4 g6 2.e4 Bg7 3.d4 Nf6 4.Nc3 d6 5.Be2 O-O 6.Bg5 c5 7.d5 b5 8.cxb5 a6 9.
a4 Qa5 10.Bd2 axb5 11.Bxb5 Na6 12.Nge2 Nb4 13.O-O Ba6 1/2-1/2